00602nam a22001337a 450000500170000024501370001726000270015430000090018170000420019094200110023299900170024395201040026095201040036420260629111043.0 aA Comparative Analysis of Saas and Pass Cloud Based E- Learning Platforms in Terms of Cost Effectiveness and Scalability (Thesis MS) aNawabshahbQUESTc2025 a73p. aDepartment of Computer Science 91007 cTHESIS c69071d69068 00104070aRESEARCHbRESEARCHd2026-06-29l0pMP/101-1487r2026-06-29 11:11:11w2026-06-29yTHESIS 00104070aRESEARCHbRESEARCHd2026-06-29l0pMP/101-1488r2026-06-29 11:11:11w2026-06-29yTHESIS